Wonky Word Clicking - N - Statistics

General Stats
  • This quiz has been taken 275 times
  • The average score is 10 of 15
Answer Stats
Hint Answer % Correct
Ninc ompoop
91%
Namby -pamby
90%
Nit wit
88%
Niddle -noddle
87%
Numb skull
86%
Non plussed
80%
Nim rod
77%
No -goodnik
66%
Nose gay
64%
Neb bish
60%
Nub bin
59%
Nun chaku
57%
Nin jutsu
53%
Nud nick
48%
Ninny hammer
30%
No matching quizzes found
Score Distribution
Percent of People with Each Score
Percentile by Number Answered
Your Score History
You have not taken this quiz